000 01223nam0a22002891 4500
001 rc\4415261
005 20260406200350.0
021 _aRU
_b61-53441
021 _aRU
_bРг7686
035 _a(NLR Aleph) 008304671
090 _a8658189
_c8658189
100 _a20130416d1961 |||y0rusy50 ca
101 0 _arus
102 _aRU
105 _ay a |||||
200 1 _aЗа 50 центнеров зерна кукурузы с гектара со всей площади посева
_e(Метод. и библиогр. материалы для б-к)
_fМ-во культуры Сев.-Осет. АССР. Респ. б-ка им. С.М. Кирова
210 _aОрджоникидзе
_cБ. и.
_d1961
215 _a39 с.
_d16
300 _aНа обороте тит. л.: сост. К. Гудиева, М. Хузмиева
702 1 _aГудиева
_bК.М.
_4220
702 1 _aХузмиева
_bМ.
_4220
712 0 2 _aСеверо-Осетинская республиканская библиотека им. С. М. Кирова
_cОрджоникидзе
_3RU\NLR\AUTH\889959858
_9415952
801 0 _aRU
_bNLR
_gpsbo
801 1 _aRU
_bELAR
_2rusmarc
852 _aNLR
_jБ 8250/З12
942 _cBOOK
980 _aNB